| 000 | 00437nam a22001697a 4500 | ||
|---|---|---|---|
| 005 | 20240719111824.0 | ||
| 008 | 240613b |||||||| |||| 00| 0 eng d | ||
| 020 | _a0130622966 | ||
| 082 |
_a005.133 _bGOU-C |
||
| 100 | _aGough,John | ||
| 245 |
_aComplining for the .Net: / _cJohn,Gough. |
||
| 260 |
_aUSA: _bPrentice Hall; _c2002. |
||
| 300 |
_a391 pages. _c23cm. |
||
| 500 | _aInclude Index. | ||
| 650 | _aprogramming | ||
| 999 |
_c35925 _d35925 |
||